Inside iso 14000 : the competitive advantage of environmental management

Αποθηκεύτηκε σε:
Λεπτομέρειες βιβλιογραφικής εγγραφής
Κύριος συγγραφέας: Sayre, Don
Μορφή: Βιβλίο
Γλώσσα:English
Δημοσίευση: Delray Beach : St. Lucie Press, c1996
Θέματα:
Ετικέτες: Προσθήκη ετικέτας
Δεν υπάρχουν, Καταχωρήστε ετικέτα πρώτοι!

MARC

LEADER 00000nam a2200000 i 4500
001 1/14295
008 980428s1996 eng d
020 |a 1-57444-028-4 
035 |l 10019369 
040 |a GR-MY-UA  |b    |e aacr 
041 0 |a eng 
082 0 |a 333.7 
100 1 |a Sayre, Don. 
245 1 0 |a Inside iso 14000 :  |b the competitive advantage of environmental management /  |c Don Sayre 
260 |a Delray Beach :   |b St. Lucie Press,   |c c1996 
300 |a 232 p. 
504 |a Includes index 
650 0 0 |a Environmental management. 
650 0 0 |a Environmental economics. 
852 |a INST  |b LESVOS  |e 19980428  |h 333.7 SAY  |p 005100013819  |q 005100013819  |t BK  |y 0 
901 |a BIBL-1998-2 
909 |a Λ  |b 054514 
922 |a 1ΕΛΗ  |b 199803  |c ΚΠΣ/ΤΠ  |d ΠΑΠΑΣΩΤΗΡΙΟΥ 
950 |a 107-1998-03-04 
970 |z 2000/06/ΟΙΚΟΝΟΜΟΠΟΥΛΟΥ ΧΡΙΣΤΙΝΑ